Départements sans littoral - Mort subite - Statistiques

Statistiques générales
  • Ce quiz a été pris 102 fois
  • Le résultat moyen est 10 sur 16
Answers on the Grid
Answers color-coded by a green-red scale on the quiz's grid according to % correct below.
Puy-de-Dôme
Creuse
Corrèze
Haute-Vienne
Maine-et-Loire
Mayenne
Orne
Ardennes
Côte-d'Or
Yonne
Vaucluse
Alpes-de-Haute-Provence
Lot-et-Garonne
Tarn-et-Garonne
Charente
Deux-Sèvres
Finistère
Somme
Seine-Maritime
Alpes-Maritimes
Aude
Haute-Corse
Loire-Atlantique
Ille-et-Vilaine
Eure
Nord
Gard
Hérault
Var
Landes
 
Statistiques - réponses
Réponse % Correct
Yonne
71%
Corrèze
68%
Ardennes
66%
Creuse
66%
Lot-et-Garonne
66%
Côte-d'Or
64%
Maine-et-Loire
64%
Orne
64%
Puy-de-Dôme
64%
Haute-Vienne
62%
Alpes-de-Haute-Provence
60%
Mayenne
60%
Deux-Sèvres
59%
Tarn-et-Garonne
55%
Vaucluse
52%
Charente
49%
Aucun quiz correspondant
Distribution des résultats
% des personnes avec chaque résultat
Percentile par nombre de réponses
Votre historique - résultats
Vous n’avez pas pris ce quiz